Assessment of time dependent and in-dependent failure theories and interfacing with fe code / (رقم التسجيلة. 61036)
[ عرض عادي ]
| 000 -LEADER | |
|---|---|
| fixed length control field | 01893cam a2200337 a 4500 |
| 003 - CONTROL NUMBER IDENTIFIER | |
| control field | EG-GiCUC |
| 005 - DATE AND TIME OF LATEST TRANSACTION | |
| control field | 20250223031727.0 |
| 008 - FIXED-LENGTH DATA ELEMENTS--GENERAL INFORMATION | |
| fixed length control field | 170529s2016 ua o f m 000 0 eng d |
| 040 ## - CATALOGING SOURCE | |
| Original cataloging agency | EG-GiCUC |
| Language of cataloging | eng |
| Transcribing agency | EG-GiCUC |
| 041 0# - LANGUAGE CODE | |
| Language code of text/sound track or separate title | eng |
| 049 ## - LOCAL HOLDINGS (OCLC) | |
| Holding library | Deposite |
| 097 ## - Thesis Degree | |
| Thesis Level | M.Sc |
| 099 ## - LOCAL FREE-TEXT CALL NUMBER (OCLC) | |
| Classification number | Cai01.13.10.M.Sc.2016.Mo.A |
| 100 0# - MAIN ENTRY--PERSONAL NAME | |
| Personal name | Mostafa Ahmed Sayed Ibrahim Elabsawy |
| 245 10 - TITLE STATEMENT | |
| Title | Assessment of time dependent and in-dependent failure theories and interfacing with fe code / |
| Statement of responsibility, etc. | Mostafa Ahmed Sayed Ibrahim Elabsawy ; Supervised Adel A. Megahed , M. Nader M. Abuelfoutouh |
| 246 15 - VARYING FORM OF TITLE | |
| Title proper/short title | تقييم نظريات الإنهيار التى تعتمد و التى لا تعتمد على الزمن و إجراء تفاعل مع أحد برامج العناصر المحدودة |
| 260 ## - PUBLICATION, DISTRIBUTION, ETC. | |
| Place of publication, distribution, etc. | Cairo : |
| Name of publisher, distributor, etc. | Mostafa Ahmed Sayed Ibrahim Elabsawy , |
| Date of publication, distribution, etc. | 2016 |
| 300 ## - PHYSICAL DESCRIPTION | |
| Extent | 70 P. : |
| Other physical details | photographs ; |
| Dimensions | 30cm |
| 502 ## - DISSERTATION NOTE | |
| Dissertation note | Thesis (M.Sc.) - Cairo University - Faculty of Engineering - Department of Mathematics and Physics |
| 520 ## - SUMMARY, ETC. | |
| Summary, etc. | The failure theories can be divided into two categories. Time In-dependent theories (maximum normal stress theory, maximum shear Stress theory and von mises theory) determine the limiting stress, in which time dependent theories (fatigue, creep and fatigue creep interaction) predict the life time of any engineering design. An assessment for some theories in the two categories introduces accurate prediction of life time according to durability, reliability and integrity by interfacing with commercial FE code |
| 530 ## - ADDITIONAL PHYSICAL FORM AVAILABLE NOTE | |
| Additional physical form available note | Issued also as CD |
| 653 #4 - INDEX TERM--UNCONTROLLED | |
| Uncontrolled term | Assessment |
| 653 #4 - INDEX TERM--UNCONTROLLED | |
| Uncontrolled term | Creep |
| 653 #4 - INDEX TERM--UNCONTROLLED | |
| Uncontrolled term | Fatigue |
| 700 0# - ADDED ENTRY--PERSONAL NAME | |
| Personal name | Adel Abdelrahman Megahed , |
| Relator term | |
| 700 0# - ADDED ENTRY--PERSONAL NAME | |
| Personal name | Mohamed Nader Mohamed Abuelfoutouh , |
| Relator term | |
| 856 ## - ELECTRONIC LOCATION AND ACCESS | |
| Uniform Resource Identifier | <a href="http://172.23.153.220/th.pdf">http://172.23.153.220/th.pdf</a> |
| 905 ## - LOCAL DATA ELEMENT E, LDE (RLIN) | |
| Cataloger | Nazla |
| Reviser | Revisor |
| 905 ## - LOCAL DATA ELEMENT E, LDE (RLIN) | |
| Cataloger | Samia |
| Reviser | Cataloger |
| 942 ## - ADDED ENTRY ELEMENTS (KOHA) | |
| Source of classification or shelving scheme | Dewey Decimal Classification |
| Koha item type | Thesis |
| Source of classification or shelving scheme | Not for loan | Home library | Current library | Date acquired | Full call number | Barcode | Date last seen | Koha item type | Copy number |
|---|---|---|---|---|---|---|---|---|---|
| Dewey Decimal Classification | المكتبة المركزبة الجديدة - جامعة القاهرة | قاعة الرسائل الجامعية - الدور الاول | 11.02.2024 | Cai01.13.10.M.Sc.2016.Mo.A | 01010110071762000 | 22.09.2023 | Thesis | ||
| Dewey Decimal Classification | المكتبة المركزبة الجديدة - جامعة القاهرة | مخـــزن الرســائل الجـــامعية - البدروم | 11.02.2024 | Cai01.13.10.M.Sc.2016.Mo.A | 01020110071762000 | 22.09.2023 | CD - Rom | 71762.CD |